[Event "Lazy PERLA BALTYKU"]
[Site "Lazy"]
[Date "2016.07.05"]
[Round "9.10"]
[White "Nowak, Kamil"]
[Black "Nowak, Mikolaj"]
[Result "1-0"]
[WhiteElo "2313"]
[BlackElo "2091"]
[PlyCount "65"]
[EventDate "2016.??.??"]

1. d4 f5 2. g3 Nf6 3. Bg2 g6 4. Nh3 d5 5. Nf4 e6 6. b3 Bg7 7. Nd2 Ne4 8. Bb2 c5
9. e3 Nc6 10. c3 Qa5 11. Nxe4 dxe4 12. O-O Bd7 13. f3 exf3 14. Qxf3 O-O-O 15.
Nd3 cxd4 16. cxd4 Kb8 17. b4 Qb6 18. Nc5 Bc8 19. a4 Nxb4 20. a5 Qc6 21. Qe2 Nd5
22. Rfc1 Bh6 23. Ra3 a6 24. Rb3 Ka7 25. Ba3 Bf8 26. Nxb7 Qa4 27. Nc5 Qxa5 28.
Qb2 Bd6 29. Rb7+ Ka8 30. Rb1 Qxa3 31. Rb8+ Ka7 32. Qb7+ Bxb7 33. R1xb7# 1-0

[Event "Lazy PERLA BALTYKU"]
[Site "LAZY"]
[Date "2016.07.05"]
[Round "9.11"]
[White "Sliwicki, Damian"]
[Black "Garbowski, Jakub"]
[Result "1/2-1/2"]
[WhiteElo "2242"]
[BlackElo "2102"]
[PlyCount "107"]
[EventDate "2016.??.??"]

1. e4 c5 2. Nf3 e6 3. d4 cxd4 4. Nxd4 Nf6 5. Nc3 d6 6. g3 Nc6 7. Bg2 Bd7 8. O-O
Be7 9. Bg5 a6 10. Re1 Qc7 11. Nxc6 Bxc6 12. a4 O-O 13. a5 Rae8 14. Qd2 h6 15.
Be3 Nd7 16. f4 Nc5 17. b4 Nd7 18. Rac1 Rc8 19. Nb1 d5 20. c4 dxc4 21. Rxc4 Qb8
22. Rcc1 Rfd8 23. Qb2 Nf6 24. Bb6 Rd7 25. Na3 Bd8 26. Bd4 b5 27. Nb1 Qb7 28.
Nd2 Be7 29. Nb3 Bxb4 30. Nc5 Bxc5 31. Rxc5 Rdc7 32. Bxf6 gxf6 33. Rh5 Kg7 34.
Rh4 Qa7+ 35. Kh1 Rg8 36. Rg4+ Kh8 37. Rxg8+ Kxg8 38. Qxf6 Qf2 39. Rg1 Rd7 40.
Qxh6 Rd2 41. Qg5+ Kf8 42. Qh6+ Ke8 43. Qh8+ Ke7 44. Qe5 Kd7 45. Qh5 Ke7 46.
Qg5+ Ke8 47. Qe5 Kd7 48. Qh5 Ke7 49. Qg5+ Ke8 50. Qe5 Kd7 51. Qh5 Kc8 52. Qh8+
Kd7 53. Qh5 Ke7 54. Qg5+ 1/2-1/2

[Event "Lazy PERLA BALTYKU"]
[Site "LAZY"]
[Date "2016.07.05"]
[Round "9.12"]
[White "Budrewicz, Krzysztof"]
[Black "Franckowski, Janusz"]
[Result "1-0"]
[WhiteElo "2217"]
[BlackElo "2001"]
[PlyCount "95"]
[EventDate "2016.??.??"]

1. d4 Nf6 2. c4 e6 3. Nf3 c5 4. d5 exd5 5. cxd5 d6 6. Nc3 g6 7. Bf4 a6 8. a4
Bg7 9. e3 Nh5 10. Bg5 Qa5 11. Ra3 h6 12. Bh4 g5 13. Nd2 gxh4 14. Nc4 Qd8 15.
Qxh5 O-O 16. Bd3 Nd7 17. a5 Nf6 18. Qxh4 Nxd5 19. Qxd8 Bxc3+ 20. bxc3 Rxd8 21.
Kd2 Bd7 22. Be4 Nf6 23. Bxb7 Ra7 24. Bf3 Be6 25. Nb6 d5 26. Rd1 Kf8 27. Ke1 Ke7
28. Raa1 Rc7 29. Rd2 c4 30. Rad1 Rc5 31. e4 Rxa5 32. exd5 Bf5 33. Nxc4 Rc5 34.
Ne3 Be4 35. c4 Bxf3 36. gxf3 Kd7 37. Rb2 Ne8 38. Rb7+ Rc7 39. Rxc7+ Kxc7 40. c5
Nf6 41. Rd4 Nd7 42. c6 Nb6 43. Kd2 Rd6 44. Kd3 a5 45. Ke4 Rg6 46. Nc4 Nxc4 47.
Rxc4 Rd6 48. Kd4 1-0

[Event "Lazy PERLA BALTYKU"]
[Site "LAZY"]
[Date "2016.07.05"]
[Round "9.13"]
[White "Chomczyk, Marek"]
[Black "Kubicka, Anna"]
[Result "0-1"]
[WhiteElo "2167"]
[BlackElo "2171"]
[PlyCount "38"]
[EventDate "2016.??.??"]

1. e4 c5 2. Nc3 a6 3. g3 b5 4. Bg2 Bb7 5. d3 Nf6 6. a3 d6 7. f4 e6 8. Nf3 Be7
9. O-O Nc6 10. h3 O-O 11. Be3 d5 12. e5 d4 13. exf6 Bxf6 14. Ne4 dxe3 15. Nxc5
e2 16. Qxe2 Nd4 17. Nxd4 Bxd4+ 18. Kh2 Bxg2 19. Nxe6 Bxf1 0-1

[Event "Lazy PERLA BALTYKU"]
[Site "LAZY"]
[Date "2016.07.05"]
[Round "9.14"]
[White "Wacior, Maciej"]
[Black "Krainski, Slawomir"]
[Result "0-1"]
[WhiteElo "2037"]
[BlackElo "2146"]
[PlyCount "62"]
[EventDate "2016.??.??"]

1. d4 g6 2. Nf3 Bg7 3. Bf4 d6 4. e3 Nd7 5. c3 e5 6. Bg3 Qe7 7. a4 Ngf6 8. a5 a6
9. Bc4 Ne4 10. Nbd2 Nxd2 11. Qxd2 e4 12. Ng1 h5 13. h3 h4 14. Bh2 Qg5 15. f3
Nf6 16. b4 O-O 17. O-O-O Re8 18. Re1 Qf5 19. Kb2 Be6 20. Bxe6 Qxe6 21. Ne2 Qc4
22. Nc1 Nd5 23. Na2 exf3 24. gxf3 Bh6 25. f4 Re4 26. Bg1 Rae8 27. Bf2 Bxf4 28.
exf4 Re2 29. Kc1 Rxd2 30. Rxe8+ Kg7 31. Kxd2 Qxa2+ 0-1

[Event "Lazy PERLA BALTYKU"]
[Site "LAZY"]
[Date "2016.07.05"]
[Round "9.15"]
[White "Zaninotto, Franco"]
[Black "Szpar, Milosz"]
[Result "1/2-1/2"]
[WhiteElo "2127"]
[BlackElo "1943"]
[PlyCount "43"]
[EventDate "2016.??.??"]

1. e4 c5 2. Nf3 Nc6 3. c3 d5 4. exd5 Qxd5 5. d4 Nf6 6. Be2 e6 7. O-O cxd4 8.
cxd4 Be7 9. Nc3 Qd6 10. Be3 O-O 11. Rc1 a6 12. a3 Rd8 13. Qc2 Bd7 14. Rfd1 Rac8
15. g3 Qb8 16. Qb1 h6 17. d5 exd5 18. Nxd5 Nxd5 19. Rxd5 Be6 20. Rxd8+ Bxd8 21.
Qe4 Ne7 22. Rxc8 1/2-1/2

[Event "Lazy PERLA BALTYKU"]
[Site "LAZY"]
[Date "2016.07.05"]
[Round "9.16"]
[White "Marczuk, Anna"]
[Black "Swicarz, Maciej"]
[Result "0-1"]
[WhiteElo "1931"]
[BlackElo "2292"]
[PlyCount "88"]
[EventDate "2016.??.??"]

1. Nf3 c5 2. e4 e6 3. d4 cxd4 4. Nxd4 a6 5. Bd3 Bc5 6. Nb3 Ba7 7. O-O Nc6 8.
Nc3 Nf6 9. Qe2 d6 10. Kh1 Qc7 11. Bd2 b5 12. Rae1 b4 13. Nd1 a5 14. c3 a4 15.
Nc1 O-O 16. Ne3 a3 17. b3 Bxe3 18. Qxe3 Rb8 19. Ne2 Rd8 20. f4 e5 21. Rc1 Qe7
22. cxb4 Nxb4 23. Bxb4 Rxb4 24. Rc2 Bb7 25. Ng3 exf4 26. Qxf4 Nxe4 27. Nf5 Qg5
28. Bxe4 Qxf4 29. Rxf4 Rxe4 30. Rf1 Kf8 31. Rc7 Bd5 32. Ng3 Re7 33. Rxe7 Kxe7
34. Nf5+ Kf8 35. Rd1 Be6 36. Nd4 Rc8 37. h3 Ke7 38. Nb5 Rc2 39. Nxa3 Rxa2 40.
Nb5 Bxb3 41. Rxd6 Bc4 42. Rb6 Bd5 43. Nc3 Bxg2+ 44. Kh2 Rc2 0-1

[Event "Lazy PERLA BALTYKU"]
[Site "LAZY"]
[Date "2016.07.05"]
[Round "9.17"]
[White "Kowalski, Igor"]
[Black "Konieczynski, Piotr"]
[Result "1-0"]
[WhiteElo "2131"]
[BlackElo "1973"]
[PlyCount "67"]
[EventDate "2016.??.??"]

1. e4 e6 2. d4 d5 3. Nd2 c5 4. exd5 Qxd5 5. Ngf3 cxd4 6. Bc4 Qd6 7. O-O Nf6 8.
Nb3 Nc6 9. Nbxd4 Nxd4 10. Nxd4 a6 11. c3 Qc7 12. Qe2 Bd6 13. h3 O-O 14. Bg5 Nd5
15. Bxd5 exd5 16. Rfe1 Bd7 17. Qf3 Bc6 18. Nf5 f6 19. Bd2 Rfe8 20. Qg4 Re4 21.
Rxe4 dxe4 22. Nd4 Re8 23. Nxc6 Qxc6 24. Be3 Qc8 25. Qxc8 Rxc8 26. Rd1 Rd8 27.
Kf1 Kf7 28. g4 Ke6 29. Bb6 Rd7 30. Rd4 Ke5 31. Ke2 g6 32. c4 f5 33. c5 Kxd4 34.
c6+ 1-0

[Event "Lazy PERLA BALTYKU"]
[Site "LAZY"]
[Date "2016.07.05"]
[Round "9.18"]
[White "Jedrocha, Katarzyna"]
[Black "Antolak, Julia"]
[Result "1/2-1/2"]
[WhiteElo "1948"]
[BlackElo "2073"]
[PlyCount "50"]
[EventDate "2016.??.??"]

1. d4 Nf6 2. c4 e6 3. Nf3 Bb4+ 4. Bd2 Qe7 5. g3 O-O 6. Bg2 d5 7. Qb3 a5 8. O-O
Nc6 9. Nc3 Bxc3 10. Bxc3 a4 11. Qc2 Bd7 12. b3 axb3 13. axb3 Ne4 14. e3 Nxc3
15. Qxc3 Qb4 16. Qxb4 Nxb4 17. Ne5 Bc6 18. Rfc1 f6 19. Nxc6 bxc6 20. Bh3 Kf7
21. cxd5 exd5 22. Bd7 Ke7 23. Rxa8 Rxa8 24. Bxc6 Nxc6 25. Rxc6 Kd7 1/2-1/2

[Event "Lazy PERLA BALTYKU"]
[Site "LAZY"]
[Date "2016.07.05"]
[Round "9.19"]
[White "Sliwicka, Alicja"]
[Black "Sciborowski, Miroslaw"]
[Result "1-0"]
[WhiteElo "2041"]
[BlackElo "2003"]
[PlyCount "115"]
[EventDate "2016.??.??"]

1. e4 d5 2. exd5 Qxd5 3. Nf3 Bg4 4. Be2 Nf6 5. d4 e6 6. h3 Bf5 7. O-O Be7 8.
Be3 O-O 9. c4 Qa5 10. Nc3 c6 11. Nh4 Bg6 12. Nxg6 hxg6 13. a3 Rd8 14. Qc1 Qc7
15. b4 a5 16. b5 c5 17. Bf4 Qc8 18. d5 exd5 19. Nxd5 Nxd5 20. cxd5 Rxd5 21. Bf3
Rd8 22. Qe3 Bf6 23. Rac1 Bd4 24. Qe4 Rd7 25. Rfe1 Qf8 26. Qe8 Rd8 27. Qxf8+
Kxf8 28. Bxb7 Ra7 29. Bf3 Nd7 30. Bd6+ Kg8 31. Bc6 Bb2 32. Rcd1 Bd4 33. b6 Nxb6
34. Bxc5 Bxc5 35. Rxd8+ Kh7 36. h4 Be7 37. Rd3 Rc7 38. Bb5 f5 39. Re6 Nc8 40.
Be8 Bf6 41. h5 gxh5 42. Bxh5 Re7 43. Rxe7 Nxe7 44. Rd7 Nc6 45. Rc7 Nd4 46. Rc5
Nb3 47. Rb5 g6 48. Bd1 Nc1 49. Rxa5 Nd3 50. Rd5 Nf4 51. Rd7+ Kh6 52. a4 Bc3 53.
Rc7 Bd4 54. a5 Nd3 55. Rc2 Nc5 56. Rc4 Ne6 57. a6 Ba7 58. Rc6 1-0

[Event "Lazy PERLA BALTYKU"]
[Site "LAZY"]
[Date "2016.07.05"]
[Round "9.21"]
[White "Wisniewski, Jacek"]
[Black "Lebiedowicz, Borys"]
[Result "1-0"]
[WhiteElo "1989"]
[BlackElo "2002"]
[PlyCount "37"]
[EventDate "2016.??.??"]

1. e4 e5 2. Nf3 Nc6 3. Bc4 Bc5 4. O-O Nf6 5. d4 exd4 6. e5 d5 7. exf6 dxc4 8.
fxg7 Rg8 9. Bg5 Qd5 10. Re1+ Be6 11. Nc3 Qf5 12. Ne4 Be7 13. Bxe7 Kxe7 14. Nxd4
Qe5 15. Nxc6+ bxc6 16. Ng3 Qd5 17. Qg4 Kf6 18. Nh5+ Ke7 19. Qh4+ 1-0

[Event "Lazy PERLA BALTYKU"]
[Site "LAZY"]
[Date "2016.07.05"]
[Round "9.22"]
[White "Kicinski, Jacek"]
[Black "Godzwon, Iwo"]
[Result "0-1"]
[WhiteElo "1998"]
[BlackElo "1884"]
[PlyCount "114"]
[EventDate "2016.??.??"]

1. d4 Nf6 2. c4 g6 3. g3 c6 4. Bg2 d5 5. Nc3 Bg7 6. Nf3 O-O 7. O-O Bf5 8. Bf4
Ne4 9. Qb3 Qb6 10. Qxb6 axb6 11. cxd5 Nxc3 12. bxc3 cxd5 13. Ne5 Rd8 14. Rfc1
b5 15. Nd3 Nc6 16. a3 Bxd3 17. exd3 e5 18. dxe5 Bxe5 19. Bd2 d4 20. c4 bxc4 21.
Rxc4 Ra6 22. a4 Rd7 23. Re1 f6 24. f4 Bc7 25. Bxc6 bxc6 26. Re6 Rd6 27. Re7 Bd8
28. Rb7 Bb6 29. a5 Bxa5 30. Ra4 Rb6 31. Rxb6 Bxb6 32. Kf2 Rd5 33. g4 Kf7 34.
Ke2 h5 35. h3 hxg4 36. hxg4 Ke6 37. Ra8 Rd8 38. Ra6 Rb8 39. Kd1 Kd5 40. Kc2 Kc5
41. Ra1 Rh8 42. Re1 Kd6 43. Re2 Rh4 44. Rg2 Kd5 45. g5 f5 46. Re2 Bc7 47. Rf2
c5 48. Kb3 Rh3 49. Kc2 c4 50. dxc4+ Kxc4 51. Kb2 d3 52. Rf1 Rh2 53. Kc1 Bd6 54.
Kd1 Bb4 55. Bxb4 Kxb4 56. Re1 Kc3 57. Rf1 Ra2 0-1

[Event "Lazy PERLA BALTYKU"]
[Site "LAZY"]
[Date "2016.07.05"]
[Round "9.23"]
[White "Dmochowska, Agnieszka"]
[Black "Katafiasz, Tomasz"]
[Result "1/2-1/2"]
[WhiteElo "2059"]
[BlackElo "1888"]
[PlyCount "97"]
[EventDate "2016.??.??"]

1. e4 c5 2. c3 e5 3. Nf3 Nc6 4. d4 exd4 5. cxd4 cxd4 6. Nxd4 Nf6 7. Nc3 Bb4 8.
Nxc6 dxc6 9. Qxd8+ Kxd8 10. Bg5 Kc7 11. f3 Re8 12. O-O-O Be6 13. Bf4+ Kc8 14.
a3 Be7 15. Kc2 Nh5 16. Be3 Rd8 17. Be2 f5 18. exf5 Bxf5+ 19. Kc1 Nf6 20. Bc4
Kc7 21. g4 Bg6 22. h4 h5 23. Be6 Rxd1+ 24. Rxd1 Rd8 25. Rxd8 Bxd8 26. g5 Kd6
27. Bc8 Nd7 28. Bf4+ Ke7 29. Kd2 b5 30. Bxd7 Kxd7 31. Be5 Bc7 32. Bxg7 Bg3 33.
Ke3 Bxh4 34. Bf6 Be1 35. Ne2 Ke8 36. Kf4 Bd3 37. Nd4 h4 38. Kg4 c5 39. Nf5 c4
40. g6 Bxf5+ 41. Kxf5 h3 42. Be5 c3 43. bxc3 Bxc3 44. Bd6 a5 45. Ke4 b4 46. Kd3
Bf6 47. axb4 axb4 48. Kc4 Be7 49. Be5 1/2-1/2

[Event "Lazy PERLA BALTYKU"]
[Site "LAZY"]
[Date "2016.07.05"]
[Round "9.24"]
[White "Korpalski, Maciej"]
[Black "Frej, Zofia"]
[Result "0-1"]
[WhiteElo "1968"]
[BlackElo "1929"]
[PlyCount "60"]
[EventDate "2016.??.??"]

1. e4 e6 2. d3 d5 3. Nd2 c5 4. g3 Nc6 5. Bg2 Nf6 6. Ngf3 dxe4 7. dxe4 e5 8. O-O
Be6 9. c3 h6 10. Qe2 Be7 11. Nc4 Qc7 12. Nh4 O-O-O 13. Ne3 g6 14. f4 exf4 15.
gxf4 Nh5 16. f5 Bxh4 17. fxe6 fxe6 18. Qg4 Bg5 19. Qxe6+ Kb8 20. Qxg6 Nf4 21.
Rxf4 Qxf4 22. Nd5 Qh4 23. Be3 Bxe3+ 24. Nxe3 Rhg8 25. Qe6 Qg5 26. Re1 Rd2 27.
Qh3 Ne5 28. Rd1 Qxe3+ 29. Qxe3 Rxd1+ 30. Kf2 Ng4+ 0-1

[Event "Lazy PERLA BALTYKU"]
[Site "LAZY"]
[Date "2016.07.05"]
[Round "9.25"]
[White "Kokoszczynski, Jan"]
[Black "Dombrowski, Bartosz"]
[Result "1-0"]
[WhiteElo "1921"]
[BlackElo "1913"]
[PlyCount "61"]
[EventDate "2016.??.??"]

1. e4 c5 2. Nf3 d6 3. d4 cxd4 4. Nxd4 Nf6 5. Nc3 a6 6. g3 e5 7. Nb3 Be6 8. Bg2
Be7 9. O-O O-O 10. Re1 b5 11. a4 b4 12. Nd5 Nxd5 13. exd5 Bf5 14. Bd2 a5 15. c3
Na6 16. Bf1 Qb6 17. Bxa6 Rxa6 18. cxb4 axb4 19. Qe2 Bd7 20. a5 Qb7 21. Rac1 Rb8
22. Nd4 Bd8 23. Nc6 Bxc6 24. dxc6 Rxc6 25. a6 Rxc1 26. Rxc1 Qd5 27. a7 Ra8 28.
Be3 f5 29. Rd1 Qc6 30. Qd3 Bb6 31. Bxb6 1-0